000 01030nam a22003137a 4500
003 CHAP
005 20220329135545.0
008 971013s1962 r 00010 d
010 _a38462
011 _a39434
035 _a43555
040 _cCHAP
090 _aTesis
100 0 0 _aMitastein Szuster, Monique.
_976210
245 _aEstudios ecológicos y edáficos en relación con el problema de reforestación en la zona de Los Remedios, Méx.
260 _aMéxico, D.F. :
_bEl autor,
_c1962
300 _a137 p.
_b: ilus
502 _aTesis (Biólogo) -- UNAM. Fac. de Ciencias
590 _aALEPH
_b10
_c20130110
_lUCH01
_h1304
590 _aBATCH-UPD
_b10
_c20130110
_lUCH01
_h1919
590 _aBATCH-UPD
_b10
_c20130410
_lUCH01
_h1245
590 _aBATCH-UPD
_b10
_c20130914
_lUCH01
_h1853
590 _aCONVERSION
_b10
_c20130109
_lUCH01
_h1321
650 1 4 _aReforestación
_xMéxico (Edo.)
_995500
650 1 4 _aSuelos forestales.
_9110548
901 _aBK
942 _cTESIS
949 _bBC
_cTES
_d-99694
_eTS1
_i43555
_si
999 _c38462
_d38462